000 00344 a2200121 4500
001 ART_30604
005 20260410161928.0
008 260409a
245 1 0 _aSalud mental
100 1 _aLaufer Cabrera, Mariano
700 1 _aCapurro Robles, Facundo
773 0 _tDerechos humanos
_g- Año III, Nº 6/B (mayo 2015)
_wREV22278
999 _c28328
_d28328